000 01077cad a22002055a 4500
001 E150663
008 100810s2010 xxkdo f 000 0 eng d
035 _a(Sirsi) u150663
041 0 _aeng
110 1 _aUK Green Building Council
_95440
245 0 0 _aBREEAM consultation
_bthe final report from the UK-GBC consultation with members on the future direction of BREEAM
_h[electronic resource]
260 _aLondon
_bUK Green Building Council
_c2010
520 _aPresents the results of a consultation on the BRE Environmental Assessment Method (BREEAM). The consultation was aimed at giving a range of industry professionals a chance to comment on: the forthcoming 2011 BREEAM update; the direction of BREEAM beyond 2011; and BREEAM as a driver of change.
521 _aAdvanced
590 _aKA NTK
651 4 _aEngland and Wales
_y1543-
690 _aENVIRONMENTAL AND LAND CONSULTANCY-SUSTAINABILITY-SUSTAINABLE DEVELOPMENT
856 4 0 _uhttps://www.ukgbc.org/site/resources/show-resource-details?id=822
_zView the report free of charge at www.ukgbc.org
942 _n0
999 _c110939
_d110939